| 000 | 00000nam 2200000za 4500 |
| 001 | 9.816626 |
| 003 | CaOODSP |
| 005 | 20250410092254 |
| 007 | cr ||||||||||| |
| 008 | 160502s1990 onc |o f|0| 0 eng d |
| 020 | |z0-660-55697-9 |
| 040 | |aCaOODSP|beng |
| 041 | |aeng|afre |
| 043 | |an-cn--- |
| 086 | 1 |aFs41-31/111-PDF |
| 100 | 1 |aBower, Susan M. |
| 245 | 10|aAtlas of anatomy and histology of larvae and early juvenile stages of the Japanese scallop (Patinopecten yessoensis) |h[electronic resource] = |bAtlas d'anatomie et d'histologie des larves et des premiers stades juvéniles du pétoncle japonais (Patinopecten yessoensis) / |c[by] Susan M. Bower and Gary R. Meyer. |
| 246 | 11|aAtlas d'anatomie et d'histologie des larves et des premiers stades juvéniles du pétoncle japonais (Patinopecten yessoensis) |
| 260 | |aOttawa : |bDepartment of Fisheries and Oceans, |c1990. |
| 300 | |aiv, 51 p.|bphotos, figs. |
| 490 | 1 |aCanadian special publication of fisheries and aquatic sciences, |x0706-6481 ; |v111 |
| 500 | |aThe catalogue number (0-660-55697-9 and ISBN (Fs41-31/111) for the bilingual print edition have been copied in this electronic publication. |
| 504 | |aIncludes bibliographic references. |
| 546 | |aText in English and French. |
| 692 | 07|2gccst|aSalt water fish |
| 700 | 1 |aMeyer, Gary R. |
| 710 | 1 |aCanada. |bDepartment of Fisheries and Oceans. |
| 792 | |tAtlas of anatomy and histology of larvae and early juvenile stages of the Japanese scallop |efre|w(CaOODSP)9.816628 |
| 830 | #0|aCanadian special publication of fisheries and aquatic sciences ;|v111|w(CaOODSP)9.816381 |
| 856 | 40|qPDF|s12.38 MB|uhttps://publications.gc.ca/collections/collection_2016/mpo-dfo/Fs41-31-111.pdf |